|
|
|
|
| LEADER |
00000nam0a2200000 4500 |
| 001 |
298125 |
| 005 |
20231102001056.0 |
| 010 |
|
|
|a 9785436503905
|
| 035 |
|
|
|a (RuTPU)RU\TPU\book\323267
|
| 090 |
|
|
|a 298125
|
| 100 |
|
|
|a 20150616d2016 k y0rusy50 ca
|
| 101 |
0 |
|
|a rus
|
| 102 |
|
|
|a RU
|
| 105 |
|
|
|a a z 001zy
|
| 200 |
1 |
|
|a Экологические проблемы рационального водопользования в условиях городской среды
|e монография
|f Е. Г. Локтионова [и др.]
|
| 210 |
|
|
|a Москва
|c КноРус
|d 2016
|
| 215 |
|
|
|a 197 с.
|c ил.
|
| 320 |
|
|
|a Библиогр.: с. 169-175.
|
| 330 |
|
|
|a Исследуются качественные характеристики состояния поверхностных водотоков Астраханской области. Дается сравнительная характеристика способов очистки и доочистки основного загрязнителя водных объектов — сточных вод с учетом природноклиматических особенностей региона. Определен и проанализирован микробиологический состав сточных вод и активных илов городских очистных сооружений канализации. Представлен новый методологический подход к доочистке сточных вод в биологических прудах. На основе обширного анализа гидрохимических показателей качества воды основных водотоков и особенностей водопользования на всей территории Астраханской области выделены определенные кластеры, раскрывающие возможность исследования и детального изучения проблем по рационализации использования водных ресурсов. Предложены эффективные меры по минимизации негативного антропогенного воздействия на состояние аквальных комплексов и разработаны конкретные мероприятия по оптимизации природопользования в изучаемом регионе.Предназначена для специалистов в области водопользования, а также для студентов и магистрантов направления «Экология и природопользование».
|
| 606 |
1 |
|
|a Водные ресурсы
|x Охрана
|2 stltpush
|3 (RuTPU)RU\TPU\subj\38865
|9 59116
|
| 606 |
1 |
|
|a Экология города
|2 stltpush
|3 (RuTPU)RU\TPU\subj\39024
|9 59265
|
| 610 |
1 |
|
|a городская среда
|
| 610 |
1 |
|
|a рациональное водопользование
|
| 610 |
1 |
|
|a экологические проблемы
|
| 610 |
1 |
|
|a гидросистемы
|
| 610 |
1 |
|
|a Нижнее Поволжье
|
| 610 |
1 |
|
|a Астраханская область
|
| 610 |
1 |
|
|a природные воды
|
| 610 |
1 |
|
|a качество
|
| 610 |
1 |
|
|a внутригородские водоемы
|
| 610 |
1 |
|
|a монографии
|
| 675 |
|
|
|a 504.4
|v 4
|
| 675 |
|
|
|a 504.03
|v 4
|
| 701 |
|
1 |
|a Локтионова
|b Е. Г.
|
| 701 |
|
1 |
|a Бармин
|b А. Н.
|
| 701 |
|
1 |
|a Морозова
|b Л. А.
|
| 701 |
|
1 |
|a Болонина
|b Г. В.
|
| 701 |
|
1 |
|a Гурьева
|b М. С.
|
| 801 |
|
1 |
|a RU
|b 63413507
|c 20150616
|
| 801 |
|
2 |
|a RU
|b 63413507
|c 20160420
|g RCR
|
| 900 |
|
|
|a Экология
|
| 900 |
|
|
|a Природопользование
|
| 942 |
|
|
|c BK
|
| 959 |
|
|
|a 86/20150616
|d 1
|e 317,00
|f ЧЗТЛ:1
|